000 00440nam a2200181Ia 4500
001 20635
005 20260306172820.0
008 260306t2017||||xx |||||||||||||| ||spa||
041 _aESP
082 _a343.6
_bC32 T. 2 2017
100 _aCassagne, Juan Carlos
_eAUT
245 0 _aDerecho administrativo, tomo II
260 _c2017
300 _a816 páginas :
_c25 cm.
650 _aGEN
654 _aCDE
942 _cLIB
_dJUS
_fJUS
_2ddc
_n
999 _c20635
_d20635